Taxing Energy Use 2019 Using Taxes for Climate Action

Saved in:
Bibliographic Details
Format: Book
Language:English
Published: Paris OECD 2019
Subjects:
Tags: Add Tag
No Tags, Be the first to tag this record!

MARC

LEADER 00000nam a2200000 4500
001 0276387
005 20221220065301.6
020 |a 978-92-64-64845-6 
041 0 |a eng 
044 |a FR 
245 1 0 |a Taxing Energy Use 2019  |b Using Taxes for Climate Action 
264 1 |a Paris  |b OECD  |c 2019 
300 |a 104 s. 
610 2 0 |a spotreba energie 
610 2 0 |a zdaňovanie 
610 2 0 |a dane spotrebné 
610 2 0 |a emisie 
610 2 0 |a palivá 
610 2 0 |a porovnanie štatistické medzinárodné